L'artista a Bisanzio e nel mondo cristiano-orientale
Saved in:
| Hovedforfatter: | |
|---|---|
| Format: | Bog |
| Sprog: | italiensk |
| Udgivet: |
Pisa
Della Normale
2007
|
| Udgivelse: | 1a. ed |
| Serier: | Seminari e Convegni, 12
|
| Fag: | |
| Tags: |
Tilføj Tag
Ingen Tags, Vær først til at tagge denne postø!
|
MARC
| LEADER | 00000cam a2200000 a 4500 | ||
|---|---|---|---|
| 001 | UCE3794 | ||
| 003 | CL-VaPUC | ||
| 008 | 140925e20070000it |||||||||||||||||ita|d | ||
| 020 | |a 9788876422010 | ||
| 082 | 0 | 4 | |a 709.0214 |b BAC |2 21 |
| 100 | 0 | |a Bacci, Michele |e author |9 576306 | |
| 245 | 1 | 2 | |a L'artista a Bisanzio e nel mondo cristiano-orientale |
| 250 | |a 1a. ed | ||
| 300 | |a 409 p | ||
| 942 | |c BK | ||
| 945 | |d 20140925 17:45:00 |a arojas | ||
| 260 | |a Pisa |b Della Normale |c 2007 | ||
| 650 | 0 | |a Imperio Bizantino |9 315386 | |
| 650 | 0 | |a Arte bizantino |9 267895 | |
| 650 | 7 | |a BIZANCIO |2 CL-VaPUC |9 433642 | |
| 650 | 0 | |a Artistas |9 262026 | |
| 583 | |a last modification |c 20140925 17:45:00 |k Rodrigo Vera | ||
| 490 | 0 | |a Seminari e Convegni, 12 | |
| 999 | |c 356944 |d 356942 | ||
| 952 | |0 0 |1 0 |3 erb |4 0 |6 709_021400000000000_BAC_2007 |7 0 |8 A |9 464735 |a BIBHIS |b BIBHIS |i 511523K |l 1 |o 709.0214 BAC 2007 |p 511523K |r 2025-01-20 |s 2023-08-17 |w 2019-11-23 |y BK |z Catalogado en:20140925 |k HIS | ||